Vlastnosti a mechanismus působení kovových ditiofosfátů v mazacích olejích

Bibliographic Details
Main Author: Sudek, V. (Author)
Format: Article
Language:Czech

MARC

LEADER 00000nab a2200000uu 4500
001 vtls011152268
003 SK-MaSNL
005 20260303111859.0
008 230121|1973 xo |||||||||||||||||cze|
015 |a SNBRB 
035 |a (urnnbn)urn:nbn:sk:snk:ar-a0a32f 
035 |a (uuid)ddc0e407-97b5-4c0f-ac23-a95ed58f5317 
035 |a urn:nbn:sk:snk-abb1i5 
040 |a SNKBUCL  |b slo  |c SNKBUCL  |e AACR2 
041 0 |a cze 
044 |a xo  |c SK 
100 1 |a Sudek, V.  |4 aut  |9 1124636 
245 1 0 |a Vlastnosti a mechanismus působení kovových ditiofosfátů v mazacích olejích  |c V. Sudek 
773 0 |t Ropa a uhlie : technológia ropy a uhľovodíkových plynov, chemické zužitkovanie uhlia, palivá, technika mazania  |g Roč. 15, č. 12 (1973), s. 686-703 
958 |a OND 
958 |a EUIPO 
958 |a article14 
999 |c 1880113  |d 1882043